00515nam a2200169Ia 450000500170000000800410001702000150005808200130007310000180008624500380010426000330014230000130017550000410018894200060022995200950023599900150033020250701032054.0240331s9999 xx 000 0 und d a9555910332 bSURa800 aSuraweera,A.V 0aLevo Tolstoy kalawa yanu kumakda? aRajagiriyabBird Booksc1995 a216 p ., aSinhala Translation of What is Art ? cL 001040708LaWERCLbWERCLcSSCd2024-03-31l0o 800 SURp5236r2024-03-31w2024-03-31yL c5109d5109